Firemný tím budujú spoločné zážtiky
Pravidlá úspešného pracovného tímu. Escape zážitky. Firemné večierky.
Salvato in:
| Natura: | Capitolo di libro |
|---|---|
| Lingua: | slovacco |
| Soggetti: | |
| Tags: |
Nessun Tag, puoi essere il primo ad aggiungerne!!
|
MARC
| LEADER | 00000naa a2200000 4500 | ||
|---|---|---|---|
| 001 | 0241447 | ||
| 005 | 20180323074351.0 | ||
| 041 | 0 | |a slo | |
| 044 | |a SK | ||
| 245 | 1 | 0 | |a Firemný tím budujú spoločné zážtiky |
| 520 | |a Pravidlá úspešného pracovného tímu. Escape zážitky. Firemné večierky. | ||
| 610 | 2 | 0 | |a tímy pracovné |
| 610 | 2 | 0 | |a práca tímová |
| 610 | 2 | 0 | |a manažéri |
| 610 | 2 | 0 | |a kultúra práce |